000
00460nam a2200145Ia 4500
008
100204s9999 xx 000 0 und d
082
_b
8748
100
_a
भावे पुरुषोत्तम भास्कर
245
_a
दर्शन
260
_b
"कॉन्टीनेंटल बुक सर्व्हिस, पुणे"
_c
1986
300
_a
155
630
_a
दर्शन
730
_a
दर्शन
942
_c
BOOK
999
_c
453184
_d
453181